Evénements du 8 avril - Statistiques

Statistiques générales
  • Ce quiz a été pris 34 fois
  • Le résultat moyen est 8 sur 15
Statistiques - réponses
Hint Réponse % Correct
Promulgation du concordat par Bonaparte 1802
86%
Naissance de Jacques Brel 1929
75%
Les Français approuvent les Accords d'Evian 1962
75%
Assassinat de Caribert II et de son fils Chilpéric 632
75%
Assassinat de Caracalla 217
71%
Fermeture de la dernière mine de charbon en France 2004
64%
Teddy Riner devient le plus jeune champion d'Europe de judo 2007
57%
Naissance de Tamerlan 1336
54%
Création d'EDF 1946
54%
La Floride devient propriété de l'Espagne 1513
46%
Naissance de Jean-Pierre Pernaut 1950
43%
Naissance du poète Villon 1431
39%
Naissance de l'architecte Jean Prouvé 1901
32%
La France et le Royaumle signent l'Entente cordiale 1904
32%
Naissance du futur roi des Belges Albert 1er 1875
25%
Aucun quiz correspondant
Distribution des résultats
% des personnes avec chaque résultat
Percentile par nombre de réponses
Votre historique - résultats
Vous n’avez pas pris ce quiz